000
00265nam a22001217a 4500
003
SGT
082
_a
320
_b
I07T
100
_a
THAROOR, SHASHI
245
_a
INDIA:FROM MIDNIGHT TO THE MILLENIUM
260
_b
PENGUIN BOOKS
_c
2007
300
_a
389
942
_2
ddc
_c
BK
999
_c
31933
_d
31933